| 000 | 00589nam a22001817a 4500 | ||
|---|---|---|---|
| 005 | 20170518154527.0 | ||
| 010 | _aENG-118240 | ||
| 020 |
_a9789382381709 _c550.00 |
||
| 035 | _aEN-101772 | ||
| 037 | _bDBAD/PUB | ||
| 082 | _a954.035092 | ||
| 100 | _aSetalvad, Teesta | ||
| 245 |
_aBeyond doubt / _bAdossier on gandhi's assassination / _cCompiled and introduced by Teesa Setalvad |
||
| 260 |
_aNew Delhi _bTulika Books _c2016 |
||
| 270 | _a35 A/1 (ground floor), Shahpur Jat, New Delhi 110049 | ||
| 300 |
_ax, 278p. _c24cm. (pbk) |
||
| 942 |
_2ddc _cEN _h954.035092 _mSET |
||
| 999 |
_c140099 _d140099 |
||